[Event "VL18/19"]
[Site "Mecklenburg-Vorpommern"]
[Date "2018.12.16"]
[Round "4.4"]
[White "Woll, Wilfried"]
[Black "Kohn, Andreas"]
[Result "1-0"]
[WhiteElo "1985"]
[BlackElo "1888"]
[PlyCount "41"]
[EventDate "2018.??.??"]
[EventType "team-tourn"]
[EventRounds "9"]
[EventCountry "GER"]
[WhiteTeam "Greifswalder SV II"]
[BlackTeam "FHSG Stralsund"]
[WhiteTeamCountry "GER"]
[BlackTeamCountry "GER"]

1. c4 Nf6 2. g3 e5 3. Bg2 Bc5 4. Nc3 O-O 5. e3 Nc6 6. Nge2 Re8 7. O-O d6 8. d4
exd4 9. exd4 Bb6 10. h3 Bf5 11. a3 a5 12. b3 Qd7 13. Kh2 h6 14. Ra2 Re7 15. Be3
Rd8 16. Nf4 Be4 17. Nxe4 Nxe4 18. Nd5 Ree8 19. Qc2 f5 20. Nxb6 cxb6 21. d5 1-0

[Event "VL18/19"]
[Site "Mecklenburg-Vorpommern"]
[Date "2018.12.16"]
[Round "4.5"]
[White "Paulowitz, Bernd Rainer"]
[Black "Troyke, Jannis"]
[Result "1-0"]
[WhiteElo "1868"]
[BlackElo "1895"]
[PlyCount "103"]
[EventDate "2018.??.??"]
[EventType "team-tourn"]
[EventRounds "9"]
[EventCountry "GER"]
[WhiteTeam "FHSG Stralsund"]
[BlackTeam "Greifswalder SV II"]
[WhiteTeamCountry "GER"]
[BlackTeamCountry "GER"]

1. d4 Nf6 2. c4 c5 3. e3 g6 4. g3 Bg7 5. Bg2 O-O 6. Nc3 Nc6 7. Nf3 d6 8. O-O
Bf5 9. a3 Na5 10. b3 Qb6 11. Nd2 Nd7 12. b4 cxb4 13. axb4 Nc6 14. Nd5 Qd8 15.
b5 Bd3 16. bxc6 Bxf1 17. Qxf1 bxc6 18. Nb4 Nb8 19. Nxc6 Nxc6 20. Bxc6 Rb8 21.
Bb5 Qc7 22. Qd3 e5 23. Bb2 f5 24. Qa3 Rf7 25. Bc3 f4 26. Ne4 Bf8 27. d5 Qc8 28.
Ng5 Rf5 29. Ne6 Rf7 30. Qa6 Rbb7 31. exf4 exf4 32. Bc6 Rb1+ 33. Kg2 f3+ 34. Kh3
Qb8 35. Bb5 Rxa1 36. Qxa1 Qb6 37. Bd4 Qb7 38. g4 h5 39. g5 Qe7 40. Qb1 Kh7 41.
Bf6 Rxf6 42. gxf6 Qxf6 43. Nxf8+ Qxf8 44. Qe4 Qf6 45. Kg3 Qg5+ 46. Kxf3 Qg1 47.
Be8 Qh1+ 48. Kf4 Qxh2+ 49. Ke3 Qg1 50. Ke2 Qg5 51. c5 Qf6 52. Qxg6+ 1-0

[Event "VL18/19"]
[Site "Mecklenburg-Vorpommern"]
[Date "2018.12.16"]
[Round "4.6"]
[White "Valet, Richard"]
[Black "Kohn, Thomas"]
[Result "0-1"]
[WhiteElo "2006"]
[BlackElo "1851"]
[PlyCount "61"]
[EventDate "2018.??.??"]
[EventType "team-tourn"]
[EventRounds "9"]
[EventCountry "GER"]
[WhiteTeam "Greifswalder SV II"]
[BlackTeam "FHSG Stralsund"]
[WhiteTeamCountry "GER"]
[BlackTeamCountry "GER"]

1. e4 c5 2. Nc3 Nc6 3. g3 g6 4. Bg2 Bg7 5. d3 Nf6 6. f4 d6 7. Nf3 Bg4 8. h3
Bxf3 9. Qxf3 Nd4 10. Qf2 Qa5 11. O-O Nc6 12. Be3 O-O 13. g4 Rac8 14. g5 Nd7 15.
Ne2 b5 16. c3 b4 17. d4 bxc3 18. bxc3 cxd4 19. cxd4 Nb4 20. Bd2 Rc2 21. Rfd1
Qb6 22. Rab1 Nd3 23. Qe3 Nb2 24. Rdc1 Rfc8 25. Bf3 Qa6 26. Bc3 Rxc1+ 27. Rxc1
Nc4 28. Qd3 Ndb6 29. Bg4 Rc7 30. f5 Qa3 31. Nf4 0-1

[Event "VL18/19"]
[Site "Mecklenburg-Vorpommern"]
[Date "2018.12.16"]
[Round "4.7"]
[White "Giese, Lothar"]
[Black "Sowada, Christoph"]
[Result "1/2-1/2"]
[WhiteElo "1822"]
[BlackElo "1941"]
[PlyCount "32"]
[EventDate "2018.??.??"]
[EventType "team-tourn"]
[EventRounds "9"]
[EventCountry "GER"]
[WhiteTeam "FHSG Stralsund"]
[BlackTeam "Greifswalder SV II"]
[WhiteTeamCountry "GER"]
[BlackTeamCountry "GER"]

1. c4 f5 2. Nc3 g6 3. h4 Bg7 4. h5 e5 5. hxg6 hxg6 6. Rxh8 Bxh8 7. d3 d6 8. Nf3
c6 9. Bg5 Bf6 10. Qd2 Na6 11. e4 f4 12. Bxf6 Qxf6 13. O-O-O Bd7 14. Be2 O-O-O
15. Rh1 Ne7 16. Qd1 Rh8 1/2-1/2

[Event "VL18/19"]
[Site "Mecklenburg-Vorpommern"]
[Date "2018.12.16"]
[Round "4.8"]
[White "Malchau, Jochen"]
[Black "Klepin, Wilfried"]
[Result "1/2-1/2"]
[WhiteElo "1703"]
[BlackElo "1798"]
[PlyCount "56"]
[EventDate "2018.??.??"]
[EventType "team-tourn"]
[EventRounds "9"]
[EventCountry "GER"]
[WhiteTeam "Greifswalder SV II"]
[BlackTeam "FHSG Stralsund"]
[WhiteTeamCountry "GER"]
[BlackTeamCountry "GER"]

1. Nf3 d5 2. d4 e6 3. g3 f5 4. Bg2 Nf6 5. O-O Bd6 6. c4 c6 7. b3 O-O 8. Bb2
Nbd7 9. Ng5 Qe7 10. c5 Bc7 11. f4 Ne4 12. Nf3 g5 13. e3 g4 14. Ne5 Nxe5 15.
fxe5 Ng5 16. Nc3 b6 17. Ba3 Rd8 18. cxb6 Qxa3 19. bxc7 Rd7 20. Qc1 Qe7 21. Ne2
Rxc7 22. Nf4 Bb7 23. Qb2 c5 24. Rac1 Rac8 25. Qa3 cxd4 26. Qxe7 Rxe7 27. Rxc8+
Bxc8 28. Rc1 Bb7 1/2-1/2

[Event "VL18/19"]
[Site "Mecklenburg-Vorpommern"]
[Date "2019.01.20"]
[Round "5.1"]
[White "Wolf, Christoph"]
[Black "Mehl, Ronald"]
[Result "1/2-1/2"]
[WhiteElo "2176"]
[BlackElo "2044"]
[PlyCount "72"]
[EventDate "2018.??.??"]
[EventType "team-tourn"]
[EventRounds "9"]
[EventCountry "GER"]
[WhiteTeam "SF Schwerin II"]
[BlackTeam "FHSG Stralsund"]
[WhiteTeamCountry "GER"]
[BlackTeamCountry "GER"]

1. e4 c5 2. Nf3 e6 3. b3 d6 4. Bb2 Nf6 5. e5 dxe5 6. Nxe5 a6 7. a4 Nbd7 8. f4
Nxe5 9. fxe5 Nd5 10. Qf3 Nb4 11. Na3 Bd7 12. Be2 Bc6 13. Qg3 Be4 14. O-O Bg6
15. Bf3 Qc7 16. Nc4 Rd8 17. Nd6+ Bxd6 18. exd6 Qxd6 19. Be5 Qd7 20. Bxg7 Rg8
21. Bf6 Rc8 22. Rac1 Nd5 23. Be5 Ne7 24. Qf4 Bf5 25. d4 Nd5 26. Qd2 c4 27. Qe2
b5 28. axb5 axb5 29. Kh1 Nc3 30. Qe3 Nd5 31. Qe1 Qc6 32. Qd2 b4 33. Rce1 cxb3
34. cxb3 Kd7 35. Rc1 Qb5 36. Rxc8 Rxc8 $4 (36... Qxf1#) 1/2-1/2

[Event "VL18/19"]
[Site "Mecklenburg-Vorpommern"]
[Date "2019.01.20"]
[Round "5.2"]
[White "Hubert, Peter"]
[Black "Hornych, Christoph"]
[Result "1/2-1/2"]
[WhiteElo "1997"]
[BlackElo "2079"]
[PlyCount "192"]
[EventDate "2018.??.??"]
[EventType "team-tourn"]
[EventRounds "9"]
[EventCountry "GER"]
[WhiteTeam "FHSG Stralsund"]
[BlackTeam "SF Schwerin II"]
[WhiteTeamCountry "GER"]
[BlackTeamCountry "GER"]

{[%evp 0,192,39,39,54,69,69,36,48,41,26,18,28,-16,14,35,26,28,43,21,62,28,78,
78,77,40,81,52,61,65,40,-19,42,33,93,64,58,56,65,50,37,53,43,42,54,71,69,53,80,
67,85,82,65,70,63,60,60,16,88,82,96,95,95,58,100,100,129,103,96,49,64,14,15,
-59,-12,17,6,-3,4,4,111,78,96,15,120,25,52,46,47,67,99,60,122,157,194,27,104,
104,239,239,351,136,275,11,44,0,0,0,297,290,356,355,448,451,456,457,462,471,
475,475,475,515,517,524,540,505,505,505,515,525,485,545,1032,545,545,479,542,
525,525,525,535,535,535,525,525,525,525,525,535,525,525,525,535,535,535,507,
535,535,535,535,535,535,535,535,545,545,545,545,545,545,1002,545,1002,1002,
1002,1012,1012,1012,1022,1022,1032,545,1022,545,29983,29980,29981,29978,29979,
29980,29981,545,545,0,0]} 1. e4 c6 2. d4 d5 3. Nc3 dxe4 4. Nxe4 Nf6 5. Nxf6+
exf6 6. Bc4 Bd6 7. Ne2 Qc7 8. Ng3 O-O 9. O-O Nd7 10. Qh5 Nb6 11. Bd3 g6 12. Qh4
Be7 13. Re1 Be6 14. Ne4 Qd8 15. Bh6 Re8 16. c3 Nc4 17. b3 Nd6 18. Nxd6 Qxd6 19.
Re3 f5 20. Bg5 Bxg5 21. Qxg5 Qd8 22. Qh6 Qf6 23. Rae1 Qg7 24. Qf4 Re7 25. Bc4
Rae8 26. Qd6 Qf6 27. f4 Kg7 28. Bxe6 fxe6 29. a4 Kf7 30. a5 a6 31. c4 h5 32. b4
g5 33. fxg5 Qxg5 34. b5 axb5 35. cxb5 cxb5 36. d5 e5 37. Rg3 Qf6 38. Qc5 Rd8
39. Qxb5 Qd6 40. Qb1 e4 41. Qd1 Qh6 42. h4 Red7 43. Rg5 Rxd5 44. Qb3 Qf6 45.
Rxe4 Qxg5 46. hxg5 fxe4 47. Qb6 R8d6 48. Qxb7+ Kg6 49. a6 e3 50. a7 e2 51. Kf2
$2 $11 (51. Qb1+ Kxg5 52. Qc1+ Kf6 53. Qh6+ Kf7 54. Qh7+ Ke6 55. Qg8+ Kf6 56.
Qh8+ Ke7 57. Kf2) 51... Re6 52. Qb1+ Rf5+ 53. Ke1 Ra6 (53... Re8 $11) 54. Kxe2
(54. Qe4) 54... Kxg5 $2 (54... Re6+ $11) 55. Qc1+ Kg6 56. a8=Q Rxa8 57. Qc6+
Kg5 58. Qxa8 Rf4 59. Qg8+ Kf5 60. Qf7+ Kg5 61. Qg7+ Kf5 62. g3 Rg4 63. Qf7+ Kg5
64. Kf3 Kh6 65. Qe8 Kg5 66. Qe5+ Kg6 67. Qh8 Rg5 68. Kf4 Rf5+ 69. Ke4 Rf1 70.
Qg8+ Kh6 71. Qe6+ Kg7 72. Qd7+ Rf7 73. Qd6 Rf6 74. Qe7+ Kg6 75. Qe8+ Kg5 76.
Qd8 Kg6 77. Ke5 Rf5+ 78. Ke6 Rf3 79. Qg8+ Kh6 80. Ke5 Rf1 81. g4 hxg4 82. Qxg4
Rf7 83. Ke6 Rg7 84. Qf4+ Kg6 85. Qf5+ Kh6 86. Qe4 Kg5 87. Qe5+ Kg6 88. Qh2 Kg5
89. Qd2+ Kg6 90. Qd4 Kh6 91. Kf6 Kh7 92. Qe4+ Kg8 93. Qe8+ Kh7 94. Qh5+ Kg8 95.
Qh6 Rf7+ 96. Kg6 $4 (96. Ke6 Re7+ 97. Kd6 Rg7 98. Qf6 Rf7 99. Qe5 Rg7 100. Ke6
Rg6+ 101. Ke7 Rg1 102. Qd5+ Kh7 103. Kf6 Rf1+ 104. Kg5 Kg7 105. Qd4+ Kf8 106.
Kg6 Ke7 107. Qe3+ Kf8 108. Qc5+ Ke8 109. Qb5+) 96... Rf6+ 1/2-1/2

[Event "VL18/19"]
[Site "Mecklenburg-Vorpommern"]
[Date "2019.01.20"]
[Round "5.3"]
[White "Schreiber, Kevin"]
[Black "Glawe, Hartmut"]
[Result "1-0"]
[WhiteElo "2065"]
[BlackElo "1942"]
[PlyCount "125"]
[EventDate "2018.??.??"]
[EventType "team-tourn"]
[EventRounds "9"]
[EventCountry "GER"]
[WhiteTeam "SF Schwerin II"]
[BlackTeam "FHSG Stralsund"]
[WhiteTeamCountry "GER"]
[BlackTeamCountry "GER"]

1. d4 Nf6 2. Nf3 e6 3. c4 d5 4. Nc3 a6 5. c5 c6 6. Bf4 Nbd7 7. e3 Be7 8. Bd3
O-O 9. O-O Re8 10. h4 g6 11. Ne2 e5 12. Bxe5 Nxe5 13. Nxe5 Ng4 14. Nxg4 Bxg4
15. f3 Bc8 16. g3 Bh3 17. Rf2 Bxh4 18. Rh2 Rxe3 19. Rxh3 Bg5 20. Kg2 Qf6 21. g4
Rae8 22. Qc2 Qe7 23. Rf1 Rxe2+ 24. Qxe2 Qxe2+ 25. Bxe2 Rxe2+ 26. Rf2 Re6 27. f4
Bf6 28. Rd2 Re4 29. Rb3 Rxf4 30. Kg3 Re4 31. Rxb7 Bxd4 32. Rb6 Bxc5 33. Rxc6
Bd4 34. Rxa6 Be5+ 35. Kf3 Rf4+ 36. Ke2 Rxg4 37. Rxd5 Bxb2 38. a4 h5 39. Rb6 h4
40. Rd3 Bd4 41. Rb7 Bg1 42. a5 Rf4 43. Rf3 Ra4 44. Rfxf7 Rxa5 45. Rg7+ Kh8 46.
Rxg6 Bc5 47. Rh6+ Kg8 48. Rxh4 Ra2+ 49. Kd3 Rf2 50. Rg4+ Kh8 51. Rb1 Rh2 52.
Ke4 Be7 53. Rb8+ Kh7 54. Rb7 Kh6 55. Rb8 Bf6 56. Rf8 Bg7 57. Rg8 Ba1 58. R8g6+
Kh7 59. Ra6 Bc3 60. Kf5 Rh5+ 61. Rg5 Rh1 (61... Rxg5+ $11 62. Kxg5 Bd2+ 63. Kf5
Be3 $11) 62. Ra7+ Kh8 63. Kg6 1-0

[Event "VL18/19"]
[Site "Mecklenburg-Vorpommern"]
[Date "2019.01.20"]
[Round "5.4"]
[White "Kohn, Andreas"]
[Black "Grahl, Arvid"]
[Result "1/2-1/2"]
[WhiteElo "1888"]
[BlackElo "2100"]
[PlyCount "70"]
[EventDate "2018.??.??"]
[EventType "team-tourn"]
[EventRounds "9"]
[EventCountry "GER"]
[WhiteTeam "FHSG Stralsund"]
[BlackTeam "SF Schwerin II"]
[WhiteTeamCountry "GER"]
[BlackTeamCountry "GER"]

1. e4 d6 2. d4 Nf6 3. Nc3 g6 4. f4 Bg7 5. Nf3 O-O 6. Bd3 Nc6 7. O-O Bg4 8. Be3
e5 9. fxe5 dxe5 10. d5 Nd4 11. Be2 Nxe2+ 12. Qxe2 Ne8 13. h3 Bd7 14. Qd2 Nd6
15. Bh6 Nc4 16. Qc1 Qe7 17. Bxg7 Kxg7 18. Nd1 c6 19. b3 Nd6 20. Qe3 b6 21. c4
cxd5 22. exd5 Rae8 23. Nc3 f5 24. Rae1 e4 25. a4 Qf6 26. Nd4 f4 27. Qd2 e3 28.
Qd3 g5 29. Ncb5 Ne4 30. Nc7 Nc5 31. Nxe8+ Rxe8 32. Qd1 Bf5 33. Nxf5+ Qxf5 34.
Qd4+ Qe5 35. Qxe5+ Rxe5 1/2-1/2

[Event "VL18/19"]
[Site "Mecklenburg-Vorpommern"]
[Date "2019.01.20"]
[Round "5.5"]
[White "Heinsohn, Wilfried"]
[Black "Paulowitz, Bernd Rainer"]
[Result "1-0"]
[WhiteElo "2097"]
[BlackElo "1868"]
[PlyCount "81"]
[EventDate "2018.??.??"]
[EventType "team-tourn"]
[EventRounds "9"]
[EventCountry "GER"]
[WhiteTeam "SF Schwerin II"]
[BlackTeam "FHSG Stralsund"]
[WhiteTeamCountry "GER"]
[BlackTeamCountry "GER"]

1. e4 c5 2. Nc3 d6 3. f4 e6 4. Nf3 Nc6 5. d4 cxd4 6. Nxd4 Qb6 7. Nb3 Nf6 8. Qf3
a6 9. Be3 Qc7 10. Be2 Bd7 11. g4 h6 12. h4 Rc8 13. g5 hxg5 14. hxg5 Rxh1+ 15.
Qxh1 Nb4 16. Kd2 Ng8 17. a3 Nc6 18. g6 f6 19. Rd1 b5 20. Bd3 Nh6 21. Qg1 b4 22.
axb4 Nxb4 23. Ra1 Nxd3 24. Kxd3 d5 25. exd5 Qc4+ 26. Kd2 Bb4 27. Bd4 exd5 28.
Qh2 Bd6 29. Re1+ Kd8 30. Qf2 Rb8 31. Rh1 Rxb3 32. cxb3 Qxb3 33. Kc1 Ng4 $2 (
33... Bf5 $19) 34. Qd2 Bf5 35. Nxd5 Qa2 36. Rh8+ Kd7 37. Nb6+ Kc6 38. Qg2+ Kb5
39. Qe2+ Kc6 40. Qe8+ Kc7 41. Qf7+ 1-0

[Event "VL18/19"]
[Site "Mecklenburg-Vorpommern"]
[Date "2019.01.20"]
[Round "5.6"]
[White "Kohn, Thomas"]
[Black "Westphal, Wolfgang"]
[Result "0-1"]
[WhiteElo "1851"]
[BlackElo "2075"]
[PlyCount "122"]
[EventDate "2018.??.??"]
[EventType "team-tourn"]
[EventRounds "9"]
[EventCountry "GER"]
[WhiteTeam "FHSG Stralsund"]
[BlackTeam "SF Schwerin II"]
[WhiteTeamCountry "GER"]
[BlackTeamCountry "GER"]

1. Nf3 c5 2. g3 b6 3. Bg2 Bb7 4. O-O g6 5. d4 cxd4 6. Qxd4 Nf6 7. Bg5 Bg7 8.
Nc3 O-O 9. Qd2 d6 10. Bh6 Nbd7 11. Rad1 Rc8 12. Rfe1 Qc7 13. Bxg7 Kxg7 14. Nd4
Bxg2 15. Kxg2 Ne5 16. Qg5 Qd7 17. e4 h6 18. Qc1 Qb7 19. f3 a6 20. Nde2 b5 21.
Nd5 Nxd5 22. Rxd5 Qb6 23. b3 Rc7 24. Qd2 Rfc8 25. c3 Kh7 26. Qd4 Qa5 27. a4 Nd7
28. axb5 axb5 29. Qd2 Nf6 30. Rd3 Nd7 31. Qb2 Nc5 32. Rd5 b4 33. c4 Ra7 34. Rb1
Qa2 35. Nc1 Qxb2+ 36. Rxb2 Ra3 37. Kf2 f6 38. Ke2 Rca8 39. Kd2 Ra1 40. Kc2 R8a3
41. Rd4 Rxc1+ 42. Kxc1 Nxb3+ 43. Rxb3 Rxb3 44. f4 Kg7 45. Kc2 Rc3+ 46. Kb2 Re3
47. Rd5 Rc3 48. e5 fxe5 49. fxe5 dxe5 50. Rxe5 Kf6 51. Re4 e5 52. c5 Rxc5 53.
Rxb4 Kf5 54. g4+ Kg5 55. Re4 Kh4 56. Ra4 Rc6 57. Re4 Re6 58. Kc3 Kh3 59. Kd3
Kxh2 60. Ke3 Kg3 61. Ra4 e4 0-1

[Event "VL18/19"]
[Site "Mecklenburg-Vorpommern"]
[Date "2019.01.20"]
[Round "5.1"]
[White "Fromm, Marius"]
[Black "Wolke, Heiko"]
[Result "1-0"]
[WhiteElo "1988"]
[BlackElo "1961"]
[PlyCount "83"]
[EventDate "2018.??.??"]
[EventType "team-tourn"]
[EventRounds "9"]
[EventCountry "GER"]
[WhiteTeam "Greifswalder SV II"]
[BlackTeam "SFO Warnemuende"]
[WhiteTeamCountry "GER"]
[BlackTeamCountry "GER"]

1. Nf3 Nf6 2. c4 e6 3. g3 Be7 4. Bg2 O-O 5. O-O d5 6. d4 Nc6 7. b3 Ne4 8. Bb2
f5 9. e3 Bd7 10. Nc3 Be8 11. Ne1 Bf6 12. Nd3 Bf7 13. Rc1 h5 14. Ba3 Re8 15. Bh3
g5 16. cxd5 Nxc3 17. Rxc3 Qxd5 18. Rc5 Qd8 19. Bb2 Be7 20. Rc1 Bf6 21. Bg2 h4
22. Nc5 hxg3 23. Nxb7 gxh2+ 24. Kh1 Qc8 25. Bxc6 Rb8 26. Nc5 Rb6 27. Bxe8 Bxe8
28. f3 Bc6 29. Rc2 g4 30. Rxh2 Qa8 31. d5 Bxb2 32. dxc6 Rxc6 33. Rxb2 Rxc5 34.
Qd7 Re5 35. Rd2 gxf3 36. Qd8+ Qxd8 37. Rxd8+ Kf7 38. Rxf3 Ke7 39. Rd4 Rc5 40.
Kg2 Kf6 41. Rc4 Ra5 42. a4 1-0

[Event "VL18/19"]
[Site "Mecklenburg-Vorpommern"]
[Date "2019.01.20"]
[Round "5.2"]
[White "Ruesch, Hans Joachim"]
[Black "Lange, Jannis"]
[Result "1/2-1/2"]
[WhiteElo "1959"]
[BlackElo "1840"]
[PlyCount "103"]
[EventDate "2018.??.??"]
[EventType "team-tourn"]
[EventRounds "9"]
[EventCountry "GER"]
[WhiteTeam "SFO Warnemuende"]
[BlackTeam "Greifswalder SV II"]
[WhiteTeamCountry "GER"]
[BlackTeamCountry "GER"]

1. g3 Nf6 2. Bg2 d5 3. Nf3 g6 4. O-O Bg7 5. d3 O-O 6. Nbd2 Nc6 7. e4 dxe4 8.
dxe4 e5 9. Qe2 Qe7 10. c3 Rd8 11. Re1 Rb8 12. Nf1 h6 13. Nh4 b5 14. b4 Qd6 15.
Be3 Qd3 16. Rad1 Qxe2 17. Rxd8+ Nxd8 18. Rxe2 Be6 19. f4 Ng4 20. f5 Bc4 21. Re1
g5 22. Nf3 Nc6 23. a3 Rd8 24. h3 Nf6 25. Bd2 Ne7 26. Ne3 Bd3 27. Ng4 Nxg4 28.
hxg4 Nc8 29. Re3 Nb6 30. Bc1 Bc2 31. Kf2 Rd1 32. Re1 Rd3 33. Bf1 Rxc3 34. Bxb5
f6 35. Re3 Rxe3 36. Kxe3 Bf8 37. Ne1 Bb3 38. Nd3 Nc4+ 39. Bxc4+ Bxc4 40. Bd2
Bb3 41. Nf2 Kf7 42. Kd3 Ke8 43. Kc3 Ba4 44. Be3 a6 45. Ba7 Kd7 46. Nd3 Bc6 47.
Nf2 Ba4 48. Nd3 Bd1 49. Nf2 Be2 50. Kd2 Bf1 51. Kc3 Kc6 52. a4 1/2-1/2

[Event "VL18/19"]
[Site "Mecklenburg-Vorpommern"]
[Date "2019.01.20"]
[Round "5.3"]
[White "Mildner, Jens"]
[Black "Schumacher, Dirk"]
[Result "1-0"]
[WhiteElo "2023"]
[BlackElo "1951"]
[PlyCount "80"]
[EventDate "2018.??.??"]
[EventType "team-tourn"]
[EventRounds "9"]
[EventCountry "GER"]
[WhiteTeam "Greifswalder SV II"]
[BlackTeam "SFO Warnemuende"]
[WhiteTeamCountry "GER"]
[BlackTeamCountry "GER"]

1. d4 Nf6 2. c4 g6 3. Nc3 d5 4. cxd5 Nxd5 5. Bd2 Bg7 6. e4 Nxc3 7. Bxc3 O-O 8.
Bc4 c5 9. d5 Bxc3+ 10. bxc3 Qa5 11. Qb3 a6 12. Nf3 b5 13. Be2 e6 14. O-O c4 15.
Qb2 exd5 16. exd5 Bb7 17. Rfd1 Nd7 18. a4 Nb6 19. axb5 Qxb5 20. Qxb5 axb5 21.
Nd4 Bxd5 22. Nxb5 Rxa1 23. Rxa1 Re8 24. Bf1 Rb8 25. f3 Ra8 26. Rxa8+ Bxa8 27.
Kf2 Na4 28. Bxc4 Bc6 29. Nd4 Bd7 30. Ne2 Kg7 31. Ke3 f5 32. Kd4 Kf6 33. Nf4 g5
34. Nd5+ Kg6 35. Bd3 Kg7 36. c4 h5 37. c5 h4 38. Nb6 Nxc5 39. Kxc5 Be6 40. Kd6
Kf6 1-0

[Event "VL18/19"]
[Site "Mecklenburg-Vorpommern"]
[Date "2019.01.20"]
[Round "5.4"]
[White "Hamann, Dirk"]
[Black "Schwahn, Christian"]
[Result "1-0"]
[WhiteElo "1880"]
[BlackElo "1984"]
[PlyCount "53"]
[EventDate "2018.??.??"]
[EventType "team-tourn"]
[EventRounds "9"]
[EventCountry "GER"]
[WhiteTeam "SFO Warnemuende"]
[BlackTeam "Greifswalder SV II"]
[WhiteTeamCountry "GER"]
[BlackTeamCountry "GER"]

1. e4 c6 2. d4 d5 3. exd5 cxd5 4. c4 Nf6 5. Nf3 e6 6. Nc3 Be7 7. Bd3 dxc4 8.
Bxc4 O-O 9. O-O Nc6 10. Bf4 Nd5 11. Nxd5 exd5 12. Be2 Bf5 13. Rc1 Qa5 14. Qb3
Nd8 15. Bc7 Qb4 16. Qxd5 Be6 17. Qh5 Qxb2 18. Bd3 g6 19. Qh6 Bd5 20. Rce1 Bxf3
21. Rxe7 Nc6 22. Re3 Rfc8 23. Bf4 Bg4 24. d5 Nd4 25. Be5 f6 26. Bxd4 Qxd4 27.
Re7 1-0

[Event "VL18/19"]
[Site "Mecklenburg-Vorpommern"]
[Date "2019.01.20"]
[Round "5.5"]
[White "Woll, Wilfried"]
[Black "Boecking, Uwe"]
[Result "1-0"]
[WhiteElo "1985"]
[BlackElo "1721"]
[Annotator "User"]
[PlyCount "117"]
[EventDate "2018.??.??"]
[EventType "team-tourn"]
[EventRounds "9"]
[EventCountry "GER"]
[WhiteTeam "Greifswalder SV II"]
[BlackTeam "SFO Warnemuende"]
[WhiteTeamCountry "GER"]
[BlackTeamCountry "GER"]

1. c4 Nf6 2. g3 e6 3. Bg2 d5 4. Nf3 Be7 5. O-O O-O 6. d4 c6 7. Nbd2 Nbd7 8. Qc2
Re8 9. b3 Nf8 10. Bb2 Ng6 11. Rfd1 Bf8 12. Rac1 Bd7 13. Ne5 Rc8 14. Nxg6 hxg6
15. c5 Rc7 16. Nf3 Bc8 17. Ne5 Rce7 18. Bc3 Nd7 19. Nf3 Nf6 20. Bd2 Ne4 21. Be3
f5 $2 $18 22. Ne5 Kh7 23. Bxe4 dxe4 24. Bg5 Qc7 25. Bxe7 Qxe7 26. Kg2 Rd8 27.
f3 exf3+ 28. exf3 Rd5 29. h4 Qf6 30. b4 Qd8 31. Qd2 Be7 32. Rc3 Bf6 33. Rd3 Qc7
34. Qe2 Bxe5 35. dxe5 Rxe5 36. Re3 Rd5 37. f4 Qd8 38. Red3 Qf6 39. Rxd5 cxd5
40. Qe5 Qd8 41. Re1 Bd7 42. Qd6 Qc8 {RA} 43. Kf2 a6 44. Ke3 Kg8 45. Qe7 Qc6 46.
Kf2 Qa4 47. Re2 Kh7 48. a3 Bb5 49. Rd2 Qxa3 50. Qxe6 Bc6 51. h5 Qxb4 52. hxg6+
Kh6 53. Re2 Qxc5+ 54. Ke1 Qc3+ 55. Kf2 Qf6 $4 (55... d4 $19 56. Qe5 (56. Qxf5
Qf3+ 57. Ke1 Qxg3+ 58. Rf2 Bb5) 56... Qf3+ 57. Ke1 Qxg3+ 58. Rf2 d3) 56. Qg8
Qd4+ 57. Kg2 Kxg6 58. Re6+ Kh5 59. Qh7+ 1-0

[Event "VL18/19"]
[Site "Mecklenburg-Vorpommern"]
[Date "2019.01.20"]
[Round "5.6"]
[White "Schmidt, Reinhard"]
[Black "Troyke, Jannis"]
[Result "0-1"]
[WhiteElo "1777"]
[BlackElo "1895"]
[Annotator "User"]
[PlyCount "48"]
[EventDate "2018.??.??"]
[EventType "team-tourn"]
[EventRounds "9"]
[EventCountry "GER"]
[WhiteTeam "SFO Warnemuende"]
[BlackTeam "Greifswalder SV II"]
[WhiteTeamCountry "GER"]
[BlackTeamCountry "GER"]

1. e4 c5 2. Nf3 d6 3. c3 Nf6 4. e5 dxe5 5. Nxe5 g6 6. Bc4 e6 7. O-O Bg7 8. d3
O-O 9. Be3 Nd5 10. Bxd5 Qxd5 11. Nf3 Rd8 12. Na3 b6 13. d4 Ba6 14. Re1 cxd4 15.
Bxd4 Bxd4 16. Qxd4 Qxd4 17. Nxd4 Bb7 18. Rad1 {RA} Nc6 19. Nac2 Nxd4 20. Rxd4
Rxd4 21. Nxd4 Rd8 22. f3 Kg7 23. Rxe6 $2 {übersieht den Zwischenzug} Rxd4 24.
Re7 Rd1+ 0-1

[Event "VL18/19"]
[Site "Mecklenburg-Vorpommern"]
[Date "2019.01.20"]
[Round "5.7"]
[White "Lanin, Boris"]
[Black "Fenske, Harald"]
[Result "1-0"]
[WhiteElo "2072"]
[BlackElo "1583"]
[Annotator "Dirk"]
[PlyCount "83"]
[EventDate "2018.??.??"]
[EventType "team-tourn"]
[EventRounds "9"]
[EventCountry "GER"]
[WhiteTeam "Greifswalder SV II"]
[BlackTeam "SFO Warnemuende"]
[WhiteTeamCountry "GER"]
[BlackTeamCountry "GER"]

1. e4 e5 2. Nf3 d6 3. d4 exd4 4. Qxd4 Nf6 5. Nc3 c6 6. Bg5 Be7 7. O-O-O O-O 8.
e5 Ne8 9. Bxe7 Qxe7 10. exd6 Qf6 11. Qd2 Bd7 12. Bc4 a5 13. Rhe1 b5 14. Ne4 Qd8
15. Bf1 h6 16. Ne5 Nf6 17. Nc5 a4 18. g3 Qb6 19. Qd4 Qd8 20. Bg2 Qc8 21. Nexd7
Nfxd7 22. Bh3 Qd8 23. Re7 Nxc5 24. Qxc5 a3 25. b3 Qa5 26. d7 Na6 27. Qe5 Nb4
28. Kb1 Nd5 29. Rxd5 cxd5 30. c3 Qb6 31. Qe3 Qd6 32. Re5 b4 33. Qd4 bxc3 34.
Rxd5 Qg6+ 35. Bf5 Qc6 $2 (35... Qa6 36. Bd3 (36. d8=Q $2 Qf1+ 37. Kc2 Qe2+ $19)
36... Qe6 37. Re5 Qf6 $11) 36. d8=Q Raxd8 37. Rxd8 Qh1+ 38. Kc2 g6 39. Be4 Qa1
40. Rxf8+ Kxf8 41. Qc5+ Kg8 42. Qxa3 1-0

[Event "VL18/19"]
[Site "Mecklenburg-Vorpommern"]
[Date "2019.01.20"]
[Round "5.8"]
[White "Staben, Thomas"]
[Black "Malchau, Jochen"]
[Result "1-0"]
[WhiteElo "1589"]
[BlackElo "1703"]
[Annotator "User"]
[PlyCount "71"]
[EventDate "2018.??.??"]
[EventType "team-tourn"]
[EventRounds "9"]
[EventCountry "GER"]
[WhiteTeam "SFO Warnemuende"]
[BlackTeam "Greifswalder SV II"]
[WhiteTeamCountry "GER"]
[BlackTeamCountry "GER"]

1. e4 c6 2. Nf3 d5 3. exd5 cxd5 4. Bb5+ Nc6 5. Ne5 Bd7 6. Nxd7 Qxd7 7. O-O e6
8. b3 a6 9. Be2 Nf6 10. Bb2 Be7 11. d3 O-O 12. c4 d4 13. Nd2 Rfe8 14. a3 a5 15.
Re1 e5 16. Bf3 Bd6 17. g3 Rad8 18. Ne4 Nxe4 19. Bxe4 f5 20. Bd5+ {RA} Kh8 21.
Qh5 g6 22. Qg5 Qg7 23. Re2 Be7 24. Qd2 Bf6 25. Bxc6 bxc6 26. Qxa5 Qb7 27. b4
Ra8 28. Qc5 Qd7 29. Rae1 Red8 30. f4 exf4 31. Re6 Qg7 32. Qxc6 Rf8 33. Qxa8
Rxa8 34. Re8+ Rxe8 35. Rxe8+ Qg8 36. Rxg8+ 1-0

[Event "VL18/19"]
[Site "Mecklenburg-Vorpommern"]
[Date "2019.01.20"]
[Round "5.1"]
[White "Roehl, Rainer"]
[Black "Schmekel, Florian"]
[Result "1/2-1/2"]
[WhiteElo "2006"]
[BlackElo "2016"]
[PlyCount "41"]
[EventDate "2018.??.??"]
[EventType "team-tourn"]
[EventRounds "9"]
[EventCountry "GER"]
[WhiteTeam "SF Schwerin III"]
[BlackTeam "SAV Torgelow"]
[WhiteTeamCountry "GER"]
[BlackTeamCountry "GER"]

1. d4 Nf6 2. Bf4 e6 3. e3 b6 4. Nf3 Bb7 5. Nbd2 Be7 6. h3 O-O 7. Be2 c5 8. c3
cxd4 9. exd4 d6 10. O-O Nbd7 11. Re1 Rc8 12. Bg3 Qc7 13. Bd3 Rfd8 14. Qe2 Nf8
15. c4 Ng6 16. d5 e5 17. Bf5 Rb8 18. Rac1 Bc8 19. Bxc8 Rbxc8 20. b4 Qd7 21. Qd3
1/2-1/2